|
|
|
|
| LEADER |
00847nab a2200193 i 4500 |
| 001 |
misc10214 |
| 005 |
20191106143157.0 |
| 008 |
170607s1925 hu o 0|| hun d |
| 022 |
|
|
|a 0025-0260
|
| 040 |
|
|
|a SZTE Miscellanea Repozitórium
|b hun
|
| 041 |
|
|
|a hun
|
| 100 |
1 |
|
|a Prohászka Lajos
|
| 245 |
1 |
0 |
|a Kornis Gyula
|h [elektronikus dokumentum] :
|b Történetfilozófia. (A Magyar Történettudomány Kézikönyve. Szerkeszti Hóman Bálint. I. kötet, 1. füzet.) Budapest, 1924. (224 l.) /
|c Prohászka Lajos
|
| 260 |
|
|
|c 1925
|
| 300 |
|
|
|a 47-48
|
| 490 |
0 |
|
|a Magyar pedagógia : a Magyar Tudományos Akadémia Pedagógiai Bizottságának folyóirata
|v 34
|
| 695 |
|
|
|a Történetfilozófia könyvismertetés, Történetfilozófia
|
| 700 |
0 |
1 |
|a Kornis Gyula
|e aut
|
| 856 |
4 |
0 |
|u http://misc.bibl.u-szeged.hu/10214/1/mp_1925_2895_047-048.pdf
|z Dokumentum-elérés
|